| 000 | 00647nam 22001693 4500 | ||
|---|---|---|---|
| 001 | 198450 | ||
| 090 | _a198450 | ||
| 100 | _a20251016d u||y0pory50 ba | ||
| 200 |
_aCiclo de cinema brasileiro _fapresentado por Cinemateca portuguesa e Fundação Calouste Gulbenkian em colaboração com Fundação Cultural Brasil Portugal com o alto patrocínio da Embaixada do Brasil |
||
| 210 |
_aLisboa _cCinemateca portuguesa _d1987 |
||
| 215 |
_a185, [5] p. _cbrochado; ilustrado _d24 cm |
||
| 606 |
_aCinema. Filmes _916666 |
||
| 675 |
_a791 _vPT _zpor |
||
| 710 |
_914383 _aCinemateca Portuguesa |
||
| 801 |
_aPT _bBMMN _gRPC |
||
| 830 |
_cFernando _fFernando |
||
| 990 | _cLIVROS | ||